Les joueurs du Paris St Germain (2006-2007) - Statistiques

Statistiques générales
  • Ce quiz a été pris 42 fois
    22 depuis la dernière actualisation
  • Le résultat moyen est 11 sur 28
Statistiques - réponses
Nationalité Poste Joueurs % Correct
Portugal A Pauleta
95%
France G Mickael Landreau
71%
France M Clément Chantome
67%
France M Jeremy Clément
57%
Mali D Sammy Traore
57%
France D Sylvain Armand
57%
France Entraineur Paul Le Guen
52%
France A Peguy Luyindula
52%
France D Bernard Mendy
48%
France Entraineur Guy Lacombe
48%
France D Mamadou Sakho
48%
Colombie D Mario Yepes
48%
Cote d'Ivoire A Amara Diane
43%
France M Jerome Rothen
43%
France G Jerome Alonzo
38%
Cote d'Ivoire A Bonaventure Kalou
33%
France M Edouard Cissé
29%
Argentine M Marcelo Gallardo
29%
France A Pierre Alain Frau
29%
France A Fabrice Pancrate
24%
France M Vikash Dhorasoo
24%
Senegal D Boukary Drame
19%
Bresil M Paulo Cesar Arruda Parente
14%
France M David Hellebuyck
10%
France A David N'Gog
10%
RDC M Youssouf Mulumbu
10%
France D Larrys Mabiala
5%
Cameroun M Albert Baning
0%
Aucun quiz correspondant
Distribution des résultats
% des personnes avec chaque résultat
Percentile par nombre de réponses
Votre historique - résultats
Vous n’avez pas pris ce quiz depuis la dernière actualisation